Project appraisal / (Record no. 3467)

MARC details
000 -LEADER
fixed length control field 00811nam a2200157 4500
020 ## - INTERNATIONAL STANDARD BOOK NUMBER
ISBN 8176113867
050 ## - CALL NUMBER
Classification number HD47.5
Item number .A43
100 ## - AUTHOR
Personal name Agarwal, N.P.
245 ## - TITLE
Title Project appraisal /
Statement of responsibility, etc Agarwal, N. P.
260 ## - PUBLICATION INFORMATION
Place of publication Jaipur, India
Name of publisher RBSA Publishers
Year of publication ND
300 ## - DESCRIPTION
Number of Pages 325p.
505 ## - FORMATTED CONTENTS NOTE
Table of Content Chapter 1. Introduction <br/>Chapter 2. Project Identification <br/>Chapter 3. Project Feasibility Analysis<br/>Chapter 4. Project Budgeting Methods <br/>Chapter 5. Project Financing <br/>Chapter 6. Project Planning through Network Techniques : PERT & CPM<br/>Chapter 7. Project Implementation & Control<br/>Chapter 8. Project Tracking, Control and Earned Value Reporting <br/>Chapter 9. Project Management System<br/>Chapter 10. Project Audit and Ex-post Evaluation <br/>
650 ## - SUBJECTS
Topical Term Project Management
700 ## - OTHER AUTHORS
Personal name Mishra, B. K.
942 ## - ADDED ENTRY ELEMENTS (KOHA)
Koha item type Books
Holdings
Withdrawn status Lost status Collection code Home library Current library Shelving location Date acquired Full call number Accession Number Koha item type
    Reference Methodist University Library Main Methodist University Library Main General Stacks 01/06/2009 HD47.5.A43 23985 Books
    Reference Methodist University Library Main Methodist University Library Main General Stacks 01/06/2009 HD47.5.A43 23986 Books
Copyright © 2026  MUG Library